[Event "Barbera op"]
[Site "Barbera del Valles"]
[Date "2013.07.06"]
[Round "3"]
[White "Escobar Forero, A."]
[Black "Martinez Ramirez, E."]
[Result "1-0"]
[WhiteElo "2466"]
[BlackElo "2306"]
[PlyCount "113"]
[EventDate "2013.??.??"]
[EventType "swiss"]
[EventRounds "9"]

1. e4 c5 2. Nf3 d6 3. d4 cxd4 4. Qxd4 Nc6 5. Bb5 Bd7 6. Bxc6 Bxc6 7. Nc3 Nf6 8.
Bg5 h6 9. Bxf6 gxf6 10. O-O-O Qa5 11. Kb1 Rg8 12. Nh4 e6 13. Rhe1 Qe5 14. Qe3
Qg5 15. g3 Qxe3 16. Rxe3 O-O-O 17. f4 b5 18. a3 a5 19. Nf3 Kc7 20. Nd4 b4 21.
f5 Bd7 22. Nce2 Bg7 23. Nf4 Rge8 24. axb4 axb4 25. Rb3 d5 26. exd5 e5 27. d6+
Kc8 28. Nh5 Bh8 29. Ne2 Bxf5 30. Rxb4 Re6 31. Rc4+ Kd7 32. g4 Bg6 33. Rc7+ Ke8
34. Neg3 Rexd6 35. Rxd6 Rxd6 36. Rc8+ Ke7 37. Kc1 f5 38. Rxh8 f4 39. Nf5+ Bxf5
40. gxf5 f3 41. f6+ Ke6 42. Ng3 f2 43. Re8+ Kd5 44. Kd2 Rxf6 45. Ke2 Rf4 46.
Rd8+ Ke6 47. Rd1 Rh4 48. Rh1 f5 49. Kxf2 e4 50. Kg2 Rg4 51. Ra1 h5 52. Ra6+ Ke5
53. Ra5+ Kd4 54. Kf2 e3+ 55. Kf3 f4 56. Ne2+ Kc4 57. Rxh5 1-0

[Event "Barbera op"]
[Site "Barbera del Valles"]
[Date "2013.07.06"]
[Round "3"]
[White "Flores Rios, M."]
[Black "Gagare, S."]
[Result "1/2-1/2"]
[WhiteElo "2492"]
[BlackElo "2419"]
[PlyCount "33"]
[EventDate "2013.??.??"]
[EventType "swiss"]
[EventRounds "9"]

1. d4 d5 2. c4 dxc4 3. e3 Nf6 4. Bxc4 e6 5. Nf3 a6 6. O-O c5 7. dxc5 Bxc5 8.
Qxd8+ Kxd8 9. b3 Ke7 10. Bb2 b5 11. Be2 Bb7 12. a4 bxa4 13. Rxa4 Nbd7 14. Nbd2
Nb6 15. Ra2 a5 16. Rfa1 Bb4 17. Nc4 1/2-1/2

[Event "Barbera op"]
[Site "Barbera del Valles"]
[Date "2013.07.06"]
[Round "3"]
[White "Garriga Cazorla, P."]
[Black "Gomez Jurado, LA."]
[Result "1-0"]
[WhiteElo "2071"]
[BlackElo "2273"]
[PlyCount "111"]
[EventDate "2013.??.??"]
[EventType "swiss"]
[EventRounds "9"]

1. Nf3 Nf6 2. c4 c6 3. g3 d5 4. Bg2 g6 5. O-O Bg7 6. d4 O-O 7. b3 Ne4 8. Bb2
Be6 9. Qc1 Na6 10. Rd1 Rc8 11. Nc3 Nxc3 12. Qxc3 c5 13. Qd2 dxc4 14. d5 c3 15.
Bxc3 Bxc3 16. Qxc3 Bf5 17. Ne5 f6 18. Nc4 Nc7 19. Qa5 Ne8 20. Qxa7 b5 21. Na5
Ra8 22. Nc6 Rxa7 23. Nxd8 Nd6 24. Nc6 Rc7 25. a4 Bc2 26. Rdc1 Bxb3 27. axb5 c4
28. Nd4 Rfc8 29. b6 Rb7 30. Nxb3 cxb3 31. Rxc8+ Nxc8 32. Ra8 b2 33. Rxc8+ Kf7
34. Be4 Rxb6 35. Bb1 f5 36. Kf1 Rb5 37. Ke1 Kf6 38. Kd2 Rxd5+ 39. Kc2 g5 40.
Rc3 e6 41. Rd3 Re5 42. Rd2 Rb5 43. Kc3 g4 44. Rxb2 Rc5+ 45. Kd2 Rc7 46. Rb6 h5
47. Ba2 Re7 48. Ke3 Ke5 49. Bb3 h4 50. gxh4 f4+ 51. Kd2 Rh7 52. Rxe6+ Kd4 53.
Bc2 Rxh4 54. Re4+ Kd5 55. Rxf4 Rxh2 56. Rxg4 1-0

[Event "Barbera op"]
[Site "Barbera del Valles"]
[Date "2013.07.06"]
[Round "3"]
[White "Hayrapetyan, H."]
[Black "Rios, CC."]
[Result "1/2-1/2"]
[WhiteElo "2486"]
[BlackElo "2360"]
[PlyCount "68"]
[EventDate "2013.??.??"]
[EventType "swiss"]
[EventRounds "9"]

1. d4 Nf6 2. Nf3 e6 3. e3 b6 4. Bd3 Bb7 5. O-O c5 6. Qe2 Be7 7. e4 c4 8. Bxc4
Nxe4 9. Bd3 Nf6 10. c3 O-O 11. Nbd2 d6 12. Ng5 h6 13. Nge4 Nbd7 14. f4 Nxe4 15.
Nxe4 Nf6 16. Ng3 Qc7 17. Bd2 Rfe8 18. Rae1 Bf8 19. Nh5 Nxh5 20. Qxh5 g6 21. Qh3
Bg7 22. g4 e5 23. f5 exd4 24. c4 Qc6 25. fxg6 fxg6 26. Bxg6 Rxe1 27. Bf7+ Kh8
28. Rxe1 Qf3 29. Qxf3 Bxf3 30. Bd5 Bxd5 31. cxd5 Rc8 32. Rc1 Re8 33. Re1 Rc8
34. Rc1 Re8 1/2-1/2

[Event "Barbera op"]
[Site "Barbera del Valles"]
[Date "2013.07.06"]
[Round "3"]
[White "Iagar, RG."]
[Black "Pulvett, D."]
[Result "0-1"]
[WhiteElo "2190"]
[BlackElo "2405"]
[PlyCount "50"]
[EventDate "2013.??.??"]
[EventType "swiss"]
[EventRounds "9"]

1. d4 Nf6 2. c4 g6 3. Nf3 Bg7 4. Nc3 d5 5. e3 O-O 6. cxd5 Nxd5 7. Bc4 Nxc3 8.
bxc3 c5 9. O-O Qc7 10. Qe2 Bg4 11. h3 Bxf3 12. gxf3 Nd7 13. Rb1 e5 14. Ba3 b6
15. Bb5 Rfd8 16. Rfc1 Bf8 17. d5 Nf6 18. c4 Bd6 19. Bb2 Qc8 20. Kg2 Nh5 21. Qc2
Ng7 22. Rh1 Qc7 23. Bc3 Nf5 24. Kf1 Qe7 25. Ke2 Nd4+ 0-1

[Event "Barbera op"]
[Site "Barbera del Valles"]
[Date "2013.07.06"]
[Round "3"]
[White "Jordan Arenas, M."]
[Black "Perpinya Rofes, LM."]
[Result "0-1"]
[WhiteElo "2153"]
[BlackElo "2400"]
[PlyCount "50"]
[EventDate "2013.??.??"]
[EventType "swiss"]
[EventRounds "9"]

1. d4 Nf6 2. c4 g6 3. Nc3 Bg7 4. e4 d6 5. Nf3 O-O 6. Be2 c5 7. d5 e6 8. O-O Re8
9. Qc2 Na6 10. Re1 exd5 11. cxd5 Nb4 12. Qb1 Bg4 13. Bf4 Bxf3 14. Bxf3 c4 15.
Be2 Rc8 16. a3 Na6 17. Nb5 Nxe4 18. Nxa7 Bd4 19. Nxc8 Bxf2+ 20. Kh1 Bxe1 21.
Qxe1 Qxc8 22. Rc1 Qc5 23. Rxc4 Nf2+ 24. Kg1 Nh3+ 25. Kh1 Rxe2 0-1

[Event "Barbera op"]
[Site "Barbera del Valles"]
[Date "2013.07.06"]
[Round "3"]
[White "Laxman, RR."]
[Black "Cabrera, A."]
[Result "1/2-1/2"]
[WhiteElo "2401"]
[BlackElo "2525"]
[PlyCount "98"]
[EventDate "2013.??.??"]
[EventType "swiss"]
[EventRounds "9"]

1. d4 d5 2. Nf3 Nf6 3. c4 dxc4 4. e3 g6 5. Bxc4 Bg7 6. O-O O-O 7. b4 Ne4 8.
Nbd2 Nd6 9. Be2 c6 10. Nb3 Nd7 11. Bb2 Nf6 12. Ne5 Nd5 13. a3 f6 14. Nc4 f5 15.
g3 g5 16. Ne5 f4 17. exf4 gxf4 18. Bd3 Qe8 19. Re1 Bh3 20. Nc5 Rd8 21. g4 f3
22. Qc2 Bxg4 23. Bxh7+ Kh8 24. Nxg4 Qh5 25. Kh1 Qxg4 26. Rg1 Qh4 27. Bg6 Rf6
28. Rg3 Bh6 29. Nd3 Ne4 30. Bxe4 Qxe4 31. Re1 Qh7 32. Qd1 Bf4 33. Nxf4 Rxf4 34.
Re5 Rg8 35. Bc1 Rxg3 36. Bxf4 Qh3 37. Rh5+ Qxh5 38. Bxg3 Qh3 39. Qg1 Kg8 40.
Bb8+ Kf7 41. Bxa7 Nf4 42. Qg3 Qf1+ 43. Qg1 Qh3 44. Qg3 Qf1+ 45. Qg1 Qe2 46. d5
Nh3 47. Qb1 Nxf2+ 48. Bxf2 Qxf2 49. Qf5+ Kg7 1/2-1/2

[Event "Barbera op"]
[Site "Barbera del Valles"]
[Date "2013.07.06"]
[Round "3"]
[White "Lorenzo de la Riva, L."]
[Black "Thakur, A."]
[Result "1/2-1/2"]
[WhiteElo "2433"]
[BlackElo "2234"]
[PlyCount "141"]
[EventDate "2013.??.??"]
[EventType "swiss"]
[EventRounds "9"]

1. e4 e5 2. Nf3 Nc6 3. Bb5 a6 4. Ba4 Nf6 5. O-O Be7 6. Re1 b5 7. Bb3 d6 8. c3
O-O 9. h3 Na5 10. Bc2 c5 11. d4 Qc7 12. Nbd2 cxd4 13. cxd4 Bd7 14. Nf1 Rac8 15.
Ne3 Nc6 16. d5 Nb4 17. Bb1 a5 18. a3 Na6 19. b4 axb4 20. axb4 Qb7 21. Bd2 g6
22. Bd3 Nh5 23. Ng4 Ng7 24. Nh6+ Kh8 25. Ng5 Bxg5 26. Bxg5 f6 27. Bd2 f5 28.
exf5 Nxf5 29. Nxf5 Bxf5 30. Bh6 Rf7 31. Bxf5 gxf5 32. Qh5 Rf6 33. Rec1 Rg6 34.
Rxc8+ Qxc8 35. Rc1 Qd7 36. Ra1 Qc8 37. Qh4 Nxb4 38. Qxb4 Rxh6 39. Qxb5 Rg6 40.
Qc6 Qxc6 41. dxc6 Rg8 42. Rd1 Rd8 43. f4 exf4 44. Kf2 Kg7 45. Kf3 Kf7 46. Kxf4
Ke6 47. Re1+ Kf6 48. Rc1 Rc8 49. c7 Ke6 50. h4 Kd7 51. Kxf5 Rxc7 52. Rxc7+ Kxc7
53. g4 Kd7 54. Kf6 d5 55. Ke5 Kc6 56. h5 d4 57. Kxd4 Kd6 58. Ke4 Ke6 59. Kf4
Kf6 60. g5+ Ke6 61. Ke4 Ke7 62. Ke5 Kf7 63. Kf5 Kg7 64. Ke6 Kf8 65. Kf6 Kg8 66.
Ke7 Kg7 67. Ke6 Kf8 68. Ke5 Ke7 69. g6 Kf8 70. Kf6 Kg8 71. gxh7+ 1/2-1/2

[Event "Barbera op"]
[Site "Barbera del Valles"]
[Date "2013.07.06"]
[Round "3"]
[White "Narciso Dublan, M."]
[Black "Aloma Vidal, R."]
[Result "1-0"]
[WhiteElo "2536"]
[BlackElo "2421"]
[PlyCount "95"]
[EventDate "2013.??.??"]
[EventType "swiss"]
[EventRounds "9"]

1. d4 Nf6 2. c4 g6 3. Nc3 d5 4. Nf3 Bg7 5. e3 O-O 6. b4 Bg4 7. Be2 dxc4 8. Ne5
Bxe2 9. Qxe2 Nd5 10. Qxc4 Nb6 11. Qb3 a5 12. b5 Bxe5 13. dxe5 N8d7 14. f4 Nc5
15. Qc2 Nd3+ 16. Ke2 Nb4 17. Qe4 c6 18. Rd1 Qc8 19. Ba3 Qg4+ 20. Kf2 N4d5 21.
Nxd5 Nxd5 22. Rd3 Rfd8 23. Rad1 Rd7 24. Qf3 Qe6 25. bxc6 bxc6 26. e4 Nb6 27.
Rxd7 Nxd7 28. Qb3 Nf8 29. Qxe6 Nxe6 30. f5 gxf5 31. exf5 Ng7 32. g4 h5 33. h3
hxg4 34. hxg4 e6 35. f6 Ne8 36. Rd7 Rc8 37. g5 c5 38. g6 fxg6 39. f7+ Kf8 40.
fxe8=Q+ Kxe8 41. Rg7 Rc6 42. Ke3 c4 43. Kd2 c3+ 44. Kc2 Rc4 45. Rxg6 Kd7 46.
Bd6 Ra4 47. a3 Kc6 48. Rxe6 1-0

[Event "Barbera op"]
[Site "Barbera del Valles"]
[Date "2013.07.06"]
[Round "3"]
[White "Ortiz Suarez, IR."]
[Black "Asis Gargatagli, H."]
[Result "1-0"]
[WhiteElo "2612"]
[BlackElo "2487"]
[PlyCount "53"]
[EventDate "2013.??.??"]
[EventType "swiss"]
[EventRounds "9"]

1. e4 c5 2. Nf3 d6 3. d4 cxd4 4. Nxd4 Nf6 5. Nc3 g6 6. Be3 Bg7 7. f3 O-O 8. Qd2
Nc6 9. Bc4 Bd7 10. h4 h5 11. O-O-O Rc8 12. Bb3 Ne5 13. Kb1 Nc4 14. Bxc4 Rxc4
15. Nde2 b5 16. Bh6 b4 17. Bxg7 Kxg7 18. Nd5 Nxd5 19. exd5 Qa5 20. b3 Rc5 21.
g4 Rfc8 22. Qd4+ Kg8 23. Rd2 Rc3 24. Nxc3 bxc3 25. Rd3 Bb5 26. Re3 Be2 27. Ka1
1-0

[Event "Barbera op"]
[Site "Barbera del Valles"]
[Date "2013.07.06"]
[Round "3"]
[White "Prasca Sosa, R."]
[Black "Ivanov, S."]
[Result "0-1"]
[WhiteElo "2426"]
[BlackElo "2555"]
[PlyCount "108"]
[EventDate "2013.??.??"]
[EventType "swiss"]
[EventRounds "9"]

1. e4 c6 2. d4 d5 3. e5 c5 4. dxc5 Nc6 5. Nf3 Bg4 6. c3 e6 7. Be3 Bxf3 8. Qxf3
Nxe5 9. Bb5+ Nc6 10. O-O Nf6 11. c4 Rc8 12. cxd5 Nxd5 13. Nc3 Nxc3 14. bxc3 Be7
15. Rab1 O-O 16. Ba4 Qc7 17. Qe4 Na5 18. Bc2 g6 19. Bh6 Rfd8 20. c6 Qxc6 21.
Qxc6 Rxc6 22. Be4 Rc7 23. Rfd1 Rcd7 24. Rxd7 Rxd7 25. g3 b6 26. Rc1 f5 27. Bf3
Kf7 28. h4 e5 29. Be2 Ba3 30. Rc2 Ke6 31. Kg2 Rc7 32. h5 Nc4 33. hxg6 hxg6 34.
Bg5 Nd6 35. Bd2 b5 36. Bd3 a6 37. f3 Nc4 38. g4 Rd7 39. gxf5+ gxf5 40. Bxc4+
bxc4 41. Be1 Rd3 42. Bf2 Kd5 43. Be1 e4 44. fxe4+ Kxe4 45. Kf2 Bc5+ 46. Kf1 f4
47. Re2+ Be3 48. Rh2 Rd1 49. Rh8 f3 50. Re8+ Kd3 51. Rd8+ Kc2 52. Rxd1 Kxd1 53.
Bg3 Kc2 54. Be5 a5 0-1

[Event "Barbera op"]
[Site "Barbera del Valles"]
[Date "2013.07.06"]
[Round "3"]
[White "Ruiz Aguilar, PA."]
[Black "Satyapragyan, S."]
[Result "0-1"]
[WhiteElo "2307"]
[BlackElo "2464"]
[PlyCount "100"]
[EventDate "2013.??.??"]
[EventType "swiss"]
[EventRounds "9"]

1. e4 e6 2. d4 d5 3. Nd2 Nf6 4. e5 Nfd7 5. Bd3 c5 6. c3 Nc6 7. Ne2 cxd4 8. cxd4
f6 9. exf6 Nxf6 10. Nf3 Bd6 11. O-O Qc7 12. Nc3 a6 13. Bg5 O-O 14. Bh4 Nh5 15.
Bg5 Nf4 16. Bxf4 Rxf4 17. Ne2 Rf6 18. Ng3 g6 19. Qe2 Bd7 20. Qe3 Raf8 21. Ne2
e5 22. Nxe5 Nxe5 23. dxe5 Bxe5 24. Rac1 Bxh2+ 25. Kh1 Bc6 26. Rxc6 bxc6 27. g3
Rf3 28. Qd4 Qg7 29. Qxg7+ Kxg7 30. Nf4 R8xf4 31. gxf4 Rxd3 32. Kxh2 c5 33. b3
d4 34. Re1 Kf6 35. Re8 Rd2 36. Rc8 Rxa2 37. Rxc5 Rxf2+ 38. Kg3 Rb2 39. Kf3
Rxb3+ 40. Ke4 Re3+ 41. Kxd4 Re6 42. Ra5 h5 43. Rg5 Re1 44. Kd3 Re7 45. Kd4 h4
46. Rg4 Rh7 47. Rg2 h3 48. Rh2 Kf5 49. Ke3 Kg4 50. f5 gxf5 0-1

[Event "Barbera op"]
[Site "Barbera del Valles"]
[Date "2013.07.06"]
[Round "3"]
[White "Sanchez Guirado, F."]
[Black "Campos Cayuelas, M."]
[Result "1-0"]
[WhiteElo "2339"]
[BlackElo "2106"]
[PlyCount "55"]
[EventDate "2013.??.??"]
[EventType "swiss"]
[EventRounds "9"]

1. Nf3 d5 2. d4 Nf6 3. c4 e6 4. Nc3 c6 5. Bg5 dxc4 6. e4 b5 7. e5 h6 8. Bh4 g5
9. Nxg5 hxg5 10. Bxg5 Nbd7 11. exf6 Qb6 12. g3 Bb7 13. Bg2 O-O-O 14. O-O c5 15.
d5 Ne5 16. Qe2 Ng6 17. dxe6 Bxg2 18. Kxg2 fxe6 19. Qe4 Bh6 20. Qxg6 Qb7+ 21. f3
Bxg5 22. Qxg5 Qh7 23. Qxc5+ Kb8 24. h4 Rdg8 25. Qe5+ Kc8 26. Qxe6+ Kb8 27. Qe5+
Kc8 28. Qc5+ 1-0

[Event "Barbera op"]
[Site "Barbera del Valles"]
[Date "2013.07.06"]
[Round "3"]
[White "Saptarshi, R."]
[Black "Perez Mitjans, O."]
[Result "1-0"]
[WhiteElo "2447"]
[BlackElo "2495"]
[PlyCount "63"]
[EventDate "2013.??.??"]
[EventType "swiss"]
[EventRounds "9"]

1. e4 e6 2. d4 d5 3. Nc3 Nf6 4. Bg5 Bb4 5. Nge2 h6 6. Bxf6 Qxf6 7. a3 Ba5 8. b4
Bb6 9. e5 Qe7 10. Na4 Bd7 11. c3 O-O 12. Nf4 Be8 13. Be2 f6 14. Nd3 Nd7 15. O-O
fxe5 16. Nxb6 axb6 17. dxe5 c5 18. f4 Bg6 19. g3 Ra7 20. Bh5 Qf7 21. Bxg6 Qxg6
22. Qe2 h5 23. Ne1 h4 24. Qg2 hxg3 25. hxg3 cxb4 26. cxb4 Rc8 27. f5 Qf7 28.
Qh3 Nxe5 29. fxe6 Qg6 30. e7 Re8 31. Ra2 Rxe7 32. Rh2 1-0

[Event "Barbera op"]
[Site "Barbera del Valles"]
[Date "2013.07.06"]
[Round "3"]
[White "Van Riemsdijk, HC."]
[Black "Jaramillo Ochoa, M."]
[Result "0-1"]
[WhiteElo "2367"]
[BlackElo "2074"]
[PlyCount "144"]
[EventDate "2013.??.??"]
[EventType "swiss"]
[EventRounds "9"]

1. e4 e5 2. Nf3 Nc6 3. Bb5 Nf6 4. Nc3 Bb4 5. d3 O-O 6. O-O d6 7. h3 Ne7 8. Ne2
c6 9. Ba4 Ng6 10. c3 Ba5 11. Be3 Re8 12. Ng3 h6 13. Nh2 d5 14. Ng4 Nxg4 15.
hxg4 d4 16. cxd4 exd4 17. Bc1 Ne5 18. f3 Qh4 19. Ne2 Bc7 20. Bf4 b5 21. Bc2 Bd7
22. Qe1 Qf6 23. Qd2 c5 24. Ng3 Nc4 25. Nh5 Qxf4 26. Qxf4 Bxf4 27. Nxf4 Ne3 28.
Rfc1 a5 29. a3 a4 30. Bd1 Rec8 31. Nd5 Nxd5 32. exd5 Kf8 33. b3 Ke7 34. bxa4
bxa4 35. Rab1 Rab8 36. f4 Kd6 37. Bf3 Rb3 38. Rxb3 axb3 39. Rb1 Rb8 40. Rb2 Ba4
41. Kf2 Re8 42. Bd1 Re7 43. g5 hxg5 44. fxg5 g6 45. g3 Re8 46. g4 Re7 47. Kf1
Re5 48. Bxb3 Bxb3 49. Rxb3 Rxg5 50. Rb6+ Kxd5 51. Rf6 Rxg4 52. Rxf7 Kc6 53. Rf8
Rg5 54. Rb8 Re5 55. a4 Re3 56. Rb3 c4 57. Rb4 Rxd3 58. Rxc4+ Kd5 59. Rc8 Rc3
60. Rd8+ Ke4 61. a5 Ra3 62. Rg8 Rxa5 63. Rxg6 Kd3 64. Rg4 Re5 65. Kf2 Kc3 66.
Rg8 d3 67. Ra8 d2 68. Rc8+ Kb2 69. Rb8+ Kc2 70. Rc8+ Kd1 71. Ra8 Rf5+ 72. Kg2
Ke2 0-1

[Event "Barbera op"]
[Site "Barbera del Valles"]
[Date "2013.07.06"]
[Round "3"]
[White "Ventura Bolet, M."]
[Black "Perez Mañas, B."]
[Result "0-1"]
[WhiteElo "2045"]
[BlackElo "2307"]
[PlyCount "56"]
[EventDate "2013.??.??"]
[EventType "swiss"]
[EventRounds "9"]

1. c4 f5 2. g3 Nf6 3. Bg2 g6 4. d4 Bg7 5. Nf3 d6 6. O-O Ne4 7. Nbd2 Nxd2 8.
Qxd2 O-O 9. d5 c5 10. Rb1 Qe8 11. b3 Na6 12. Bb2 Nc7 13. Bxg7 Kxg7 14. e4 fxe4
15. Ng5 b5 16. Nxe4 bxc4 17. bxc4 Qa4 18. Qc3+ Kg8 19. Nxc5 dxc5 20. d6 exd6
21. Bxa8 Nxa8 22. Rfe1 Nc7 23. Re7 Ne6 24. Rb8 Nd4 25. Qc1 Nf3+ 26. Kg2 Qc6 27.
Qh6 Ng5+ 28. Kg1 Nh3+ 0-1

[Event "Barbera op"]
[Site "Barbera del Valles"]
[Date "2013.07.07"]
[Round "4"]
[White "Aloma Vidal, R."]
[Black "Bivol, A."]
[Result "1-0"]
[WhiteElo "2421"]
[BlackElo "2207"]
[PlyCount "85"]
[EventDate "2013.??.??"]
[EventType "swiss"]
[EventRounds "9"]

1. d4 d5 2. Bf4 Nf6 3. e3 c6 4. c4 e6 5. Nc3 Be7 6. Nf3 O-O 7. a3 b6 8. cxd5
exd5 9. Bd3 Bg4 10. Qc2 Bxf3 11. gxf3 c5 12. O-O-O cxd4 13. exd4 g6 14. h4 Nc6
15. Ba6 Nh5 16. Bh6 Na5 17. f4 Re8 18. f5 Bf8 19. Bg5 Be7 20. f4 Bxg5 21. hxg5
Qd6 22. Kb1 Ng3 23. Rh6 Qxf4 24. fxg6 fxg6 25. Qh2 Re7 26. Bd3 Qxg5 27. Bxg6
hxg6 28. Rh8+ Kg7 29. Rxa8 Nh5 30. Qb8 Qf5+ 31. Ka2 Kh6 32. Qh8+ Rh7 33. Qe5
Qxe5 34. dxe5 Nc6 35. Rxd5 Nf4 36. Rd2 Re7 37. Rf2 g5 38. Rf8 Kh5 39. Ne4 Rxe5
40. Nf6+ Kh4 41. Rf3 Nh5 42. Rh8 g4 43. Rf1 1-0

[Event "Barbera op"]
[Site "Barbera del Valles"]
[Date "2013.07.07"]
[Round "4"]
[White "Amores Gago, J."]
[Black "Van Riemsdijk, HC."]
[Result "1-0"]
[WhiteElo "2167"]
[BlackElo "2367"]
[PlyCount "49"]
[EventDate "2013.??.??"]
[EventType "swiss"]
[EventRounds "9"]

1. e4 c5 2. Nc3 Nc6 3. g3 g6 4. Bg2 Bg7 5. d3 e6 6. f4 Nge7 7. Be3 d6 8. Nf3
Nd4 9. O-O Rb8 10. e5 Nef5 11. Bf2 Nxf3+ 12. Qxf3 b6 13. Ne4 dxe5 14. fxe5 Bxe5
15. g4 Nd4 16. Qxf7+ Kxf7 17. Bxd4+ Kg8 18. Bxe5 Rb7 19. g5 h6 20. Nf6+ Kg7 21.
Ng4+ Kh7 22. Bxb7 Bxb7 23. Rf7+ Kg8 24. Rg7+ Kf8 25. Rf1+ 1-0

[Event "Barbera op"]
[Site "Barbera del Valles"]
[Date "2013.07.07"]
[Round "4"]
[White "Cabrera, A."]
[Black "Bergez, L."]
[Result "1-0"]
[WhiteElo "2525"]
[BlackElo "2395"]
[PlyCount "67"]
[EventDate "2013.??.??"]
[EventType "swiss"]
[EventRounds "9"]

1. d4 Nf6 2. c4 g6 3. Nc3 Bg7 4. e4 d6 5. f3 O-O 6. Nge2 c5 7. d5 e6 8. Ng3
exd5 9. cxd5 a6 10. a4 Nbd7 11. Be2 Re8 12. O-O h5 13. Be3 Nf8 14. Qd2 N8h7 15.
Bc4 b6 16. h3 h4 17. Nge2 Nh5 18. Rab1 f5 19. b4 Qf6 20. bxc5 bxc5 21. exf5
Bxf5 22. Rb6 Qe7 23. Bxc5 Rac8 24. Rc6 Qf7 25. Qa2 Bxc3 26. Nxc3 Qg7 27. Bb4
Ng3 28. Rd1 Ng5 29. Qd2 Nf7 30. Bxa6 Rcd8 31. Rc7 Qf6 32. Ne2 Rxe2 33. Bxe2 Ng5
34. Bc3 1-0

[Event "Barbera op"]
[Site "Barbera del Valles"]
[Date "2013.07.07"]
[Round "4"]
[White "Cruz Lledo, P."]
[Black "Alonso Moyano, J."]
[Result "1-0"]
[WhiteElo "2258"]
[BlackElo "2420"]
[PlyCount "125"]
[EventDate "2013.??.??"]
[EventType "swiss"]
[EventRounds "9"]

1. d4 d6 2. Bg5 h6 3. Bh4 Nd7 4. Nf3 Ngf6 5. c4 c6 6. Nc3 e5 7. e4 Be7 8. Be2
O-O 9. O-O Re8 10. Qc2 Nh5 11. Bxe7 Qxe7 12. g3 Nhf6 13. Rfe1 Nf8 14. d5 cxd5
15. cxd5 Bg4 16. Nh4 g6 17. Rac1 Bxe2 18. Qxe2 Rec8 19. Rc2 Rc7 20. Rec1 Rac8
21. Ng2 N8d7 22. Ne3 a6 23. f3 Kg7 24. b4 Nb6 25. a4 Nc4 26. Ncd1 Nxe3 27. Nxe3
Qd7 28. Kf2 Ne8 29. Rxc7 Rxc7 30. Rxc7 Nxc7 31. Qc2 h5 32. f4 h4 33. fxe5 dxe5
34. gxh4 Ne8 35. Qc3 f6 36. h5 Nd6 37. Qc2 gxh5 38. b5 axb5 39. axb5 Kg6 40.
Qb1 Qxb5 41. Qxb5 Nxb5 42. Nc4 Kf7 43. Kg3 Ke7 44. Kh4 Nc3 45. Nd2 f5 46. exf5
e4 47. Kxh5 e3 48. d6+ Kd7 49. Nf3 Ne4 50. Kg6 b5 51. h4 b4 52. h5 b3 53. h6 b2
54. Ne5+ Kc8 55. h7 b1=Q 56. h8=Q+ Kb7 57. Qg7+ Ka6 58. Qc7 e2 59. Qc4+ Kb7 60.
Qd5+ Kb6 61. d7 Qg1+ 62. Kf7 Ng5+ 63. Ke8 1-0

[Event "Barbera op"]
[Site "Barbera del Valles"]
[Date "2013.07.07"]
[Round "4"]
[White "Cruz Sanchez, C."]
[Black "Ortiz Suarez, IR."]
[Result "1/2-1/2"]
[WhiteElo "2499"]
[BlackElo "2612"]
[PlyCount "73"]
[EventDate "2013.??.??"]
[EventType "swiss"]
[EventRounds "9"]

1. Nf3 c5 2. b3 Nc6 3. Bb2 d6 4. e3 e5 5. d4 cxd4 6. exd4 e4 7. Nfd2 d5 8. c4
Nf6 9. Be2 dxc4 10. O-O cxb3 11. Nc3 Be7 12. Ndxe4 Qxd4 13. Nxf6+ Bxf6 14. Qxb3
O-O 15. Rad1 Qe5 16. Bd3 Nd4 17. Qd5 Be6 18. Qxe5 Bxe5 19. f4 Bf6 20. f5 Bd7
21. Nd5 Nf3+ 22. Rxf3 Bxb2 23. f6 Bg4 24. Rg3 h5 25. h3 Be5 26. hxg4 Bxg3 27.
Ne7+ Kh8 28. fxg7+ Kxg7 29. Nf5+ Kg8 30. Nxg3 hxg4 31. Rf1 Rad8 32. Bc4 Kh7 33.
Rf4 f5 34. Be6 Kh6 35. Bxf5 Rd3 36. Kh2 Ra3 37. Rb4 1/2-1/2

[Event "Barbera op"]
[Site "Barbera del Valles"]
[Date "2013.07.07"]
[Round "4"]
[White "Fluvia Poyatos, Jordi"]
[Black "Vehi Bach, VM."]
[Result "1/2-1/2"]
[WhiteElo "2445"]
[BlackElo "2308"]
[PlyCount "69"]
[EventDate "2013.??.??"]
[EventType "swiss"]
[EventRounds "9"]

1. e4 c5 2. Nf3 e6 3. d4 cxd4 4. Nxd4 Nf6 5. Nc3 d6 6. g4 h6 7. h3 Nc6 8. Bg2
Nxd4 9. Qxd4 e5 10. Qd3 Be6 11. f4 Rc8 12. Be3 Qa5 13. O-O-O Bc4 14. Qd2 Bxa2
15. Nxa2 Qxa2 16. Qb4 Rc7 17. Rd3 Qa6 18. Rhd1 Be7 19. Ra3 Qe2 20. Qd2 Qxd2+
21. Kxd2 a6 22. Ra5 Nd7 23. c3 O-O 24. Kc2 Rc6 25. Rad5 Rfc8 26. R5d3 Nf6 27.
g5 hxg5 28. fxe5 dxe5 29. Bxg5 Kf8 30. Bf3 Re8 31. Bxf6 Bxf6 32. Rd7 Re7 33.
Rd8+ Re8 34. R8d7 Re7 35. Rd8+ 1/2-1/2

[Event "Barbera op"]
[Site "Barbera del Valles"]
[Date "2013.07.07"]
[Round "4"]
[White "Gagare, S."]
[Black "Raghavi, N."]
[Result "1-0"]
[WhiteElo "2419"]
[BlackElo "2097"]
[PlyCount "75"]
[EventDate "2013.??.??"]
[EventType "swiss"]
[EventRounds "9"]

1. c4 e5 2. g3 Nf6 3. Bg2 c6 4. d4 Bb4+ 5. Bd2 Bxd2+ 6. Qxd2 d6 7. Nc3 O-O 8.
e3 Be6 9. b3 exd4 10. Qxd4 Na6 11. Nge2 Nb4 12. Qd2 Qa5 13. O-O Rad8 14. Rfd1
Qe5 15. h3 d5 16. Nf4 Rd7 17. Nce2 Na6 18. cxd5 Bxd5 19. Nxd5 Nxd5 20. Qa5 Rfd8
21. Bxd5 cxd5 22. Rac1 Qf5 23. h4 h6 24. b4 Qg4 25. Nd4 g5 26. hxg5 h5 27. Nc6
bxc6 28. Qxa6 d4 29. Rxd4 Rxd4 30. exd4 h4 31. Rc3 Rxd4 32. Qxc6 hxg3 33. Qe8+
Kg7 34. Qe5+ Kh7 35. Rxg3 Qd1+ 36. Kg2 Rh4 37. g6+ Kh6 38. Qh8# 1-0

[Event "Barbera op"]
[Site "Barbera del Valles"]
[Date "2013.07.07"]
[Round "4"]
[White "Ivanov, S."]
[Black "Grigoryan, KH."]
[Result "1/2-1/2"]
[WhiteElo "2555"]
[BlackElo "2550"]
[PlyCount "121"]
[EventDate "2013.??.??"]
[EventType "swiss"]
[EventRounds "9"]

1. d4 d5 2. c4 e6 3. Nc3 Be7 4. Nf3 Nf6 5. Bg5 h6 6. Bxf6 Bxf6 7. e3 O-O 8. Rc1
b6 9. Be2 dxc4 10. Bxc4 Bb7 11. O-O c5 12. dxc5 bxc5 13. Qe2 Nd7 14. Rfd1 Qc8
15. Nb5 Bxf3 16. gxf3 Nb6 17. b3 Rd8 18. Rxd8+ Qxd8 19. Rd1 Qe7 20. Nd6 Be5 21.
Ne4 f5 22. Ng3 Kh8 23. f4 Bf6 24. Qf3 Rc8 25. Ba6 Rc7 26. a4 Rd7 27. a5 Rxd1+
28. Qxd1 Nd5 29. Nxf5 Qc7 30. Bc4 Nxf4 31. Qd6 Qxa5 32. Qxf4 exf5 33. Qxf5 Qd8
34. Kg2 Qa8+ 35. Bd5 Qe8 36. Be4 Kg8 37. f4 a5 38. Bd5+ Kh8 39. e4 Qd8 40. Qe6
c4 41. e5 Be7 42. Bxc4 Bc5 43. Bd5 Be3 44. Kf3 Bc1 45. Qf7 Qc8 46. e6 Ba3 47.
Be4 Qc3+ 48. Kg4 Qf6 49. Qe8+ Qf8 50. Qxf8+ Bxf8 51. Bg6 Be7 52. Bf7 g5 53. f5
Kg7 54. Kf3 Kf6 55. Ke4 Bb4 56. h3 Be1 57. Bg6 Bb4 58. Kd5 Be7 59. Kc6 Bb4 60.
Kd7 Be7 61. Ke8 1/2-1/2

[Event "Barbera op"]
[Site "Barbera del Valles"]
[Date "2013.07.07"]
[Round "4"]
[White "Martynov, P."]
[Black "Valdes Romero, L."]
[Result "1/2-1/2"]
[WhiteElo "2321"]
[BlackElo "2444"]
[PlyCount "100"]
[EventDate "2013.??.??"]
[EventType "swiss"]
[EventRounds "9"]

1. d4 d6 2. Nf3 g6 3. Bf4 Bg7 4. e3 Nf6 5. h3 O-O 6. Be2 c5 7. O-O b6 8. c4 Bb7
9. Nc3 Ne4 10. Rc1 Nxc3 11. Rxc3 Nc6 12. Bg3 e5 13. d5 Ne7 14. e4 f5 15. Nd2
Kh8 16. Qc2 fxe4 17. Bh4 Bf6 18. Bxf6+ Rxf6 19. Nxe4 Rf8 20. f4 exf4 21. Rcf3
Nf5 22. Rxf4 Qe7 23. Bg4 Bc8 24. Qc3+ Kg8 25. Ng3 Qg7 26. Qxg7+ Kxg7 27. Bxf5
Bxf5 28. Nxf5+ gxf5 29. Rxf5 Rxf5 30. Rxf5 Re8 31. Kf2 a6 32. a4 b5 33. axb5
axb5 34. cxb5 Rb8 35. b3 Rxb5 36. Rf3 Rb4 37. Rd3 Kf6 38. Re3 Kf5 39. Re6 Rxb3
40. Rxd6 Rb2+ 41. Kf3 Rb3+ 42. Kf2 Rb2+ 43. Kg3 Rb3+ 44. Kh4 Ke5 45. Rd7 c4 46.
Rxh7 Kxd5 47. Rc7 Rb4 48. g4 Kd6 49. Rc8 Kd7 50. Rc5 Kd6 1/2-1/2